The Oxford 5000 - Letter T - Translate from Polish to English - Statystyki

Ogólne statystyki
  • Ten quiz został rozwiązany 13 razy
  • Średni wynik to 15 z 104
Statystyki odpowiedzi
Polish Angielski % Poprawnych
tragedia tragedy
63%
nastolatek / nastoletni teen
50%
terrorysta / terrorystka terrorist
50%
kciuk thumb
50%
toksyczny toxic
50%
taktyka tactic
38%
świątynia, skroń temple
38%
terminal / śmiertelny (np. o chorobie), końcowy terminal
38%
terror, przerażenie terror
38%
terroryzm terrorism
38%
testowanie testing
38%
tolerować, znosić tolerate
38%
tragiczny tragic
38%
transakcja transaction
38%
transformacja, przemiana transformation
38%
przezroczysty, przejrzysty transparent
38%
uwięzić, złapać / pułapka trap
38%
uraz, trauma trauma
38%
triumf triumph
38%
tsunami tsunami
38%
taktyczny tactical
25%
napięcie tension
25%
podręcznik textbook
25%
teologia theology
25%
w porę, na czas, terminowy timely
25%
tolerancja tolerance
25%
turniej tournament
25%
zwiastun (filmu), przyczepa trailer
25%
przewóz, tranzyt transit
25%
skarb treasure
25%
bilion trillion
25%
trio trio
25%
guz, nowotwór tumor
25%
etykieta, metka / oznaczyć tag
13%
stukać (np. w ekran) / kran, stuknięcie tap
13%
technologiczny technological
13%
czuły, delikatny, miękki (o mięsie) tender
13%
przerażać terrify
13%
terytorium territory
13%
faktura, tekstura, struktura texture
13%
na szczęście, całe szczęście thankfully
13%
kradzież theft
13%
teoretyczny theoretical
13%
terapeuta / terapeutka therapist
13%
drewno (budulcowe) timber
13%
wyczucie czasu timing
13%
chusteczka higieniczna, tkanka (biologiczna) tissue
13%
tytoń tobacco
13%
przewyższać, być na szczycie top
13%
tortura / torturować torture
13%
wynosić (łącznie), sumować total
13%
znak towarowy, znak rozpoznawczy trademark
13%
handel, obrót handlowy trading
13%
zapis (rozmowy), transkrypcja, wykaz ocen transcript
13%
transmisja, przenoszenie (np. choroby) transmission
13%
nadawać, transmitować, przenosić transmit
13%
trofeum trophy
13%
skręcić, wykręcić / skręt, niespodziewany zwrot akcji twist
13%
stawiać czoła (problemom) / sprzęt (wędkarski) tackle
0%
podatnik / podatniczka taxpayer
0%
tymczasowo temporarily
0%
kusić, nakłaniać tempt
0%
najemca, lokator / lokatorka tenant
0%
tendencja, skłonność tendency
0%
kadencja, okres urzędowania, stały etat (na uczelni) tenure
0%
zakończyć, przerwać (np. umowę) terminate
0%
warunki (np. umowy), zasady terms
0%
teren, ukształtowanie terenu terrain
0%
strasznie, okropnie terribly
0%
niesamowity, wspaniały, fantastyczny terrific
0%
zeznawać (w sądzie) testify
0%
zeznanie, dowód (w sprawie) testimony
0%
teatralny theatrical
0%
potem, następnie thereafter
0%
tym samym, w ten sposób, w wyniku tego thereby
0%
teza, praca dyplomowa / magisterska thesis
0%
gruntowny, skrupulatny, dokładny thorough
0%
gruntownie, dokładnie thoroughly
0%
zamyślony, troskliwy, przemyślany thoughtful
0%
skłaniający do refleksji, skłaniający do myślenia thought-provoking
0%
nić, wątek (np. na forum) thread
0%
próg threshold
0%
zachwycony, podekscytowany thrilled
0%
dobrze się rozwijać, prosperować, kwitnąć thrive
0%
pływ (przypływ lub odpływ), fala (np. oburzenia) tide
0%
zaciskać, zaostrzać (np. zasady, przepisy) tighten
0%
żniwo (ofiar), opłata drogowa toll
0%
podrzucać, rzucać toss
0%
śledzić, namierzać / ślad trace
0%
szlak, trop / wlec się (za kimś), tropić trail
0%
cecha (np. charakteru) trait
0%
przezroczystość, przejrzystość (np. działań rządu) transparency
0%
traktat treaty
0%
ogromny, wspaniały tremendous
0%
plemienny tribal
0%
plemię tribe
0%
hołd, wyraz uznania tribute
0%
wywołać, uruchomić / spust (w broni), bodziec trigger
0%
oddział (wojskowy), grupa ludzi , stado zwierząt troop
0%
zmartwiony, z problemami troubled
0%
powiernik, członek zarządu trustee
0%
czesne, nauczanie tuition
0%
frekwencja (np. w wyborach) turnout
0%
obrót (w firmie), rotacja (pracowników) turnover
0%
Nie znaleziono quizów pasujących do podanych kryteriów
Rozkład punktacji
Procent ludzi z każdym wynikiem
Percentyl według liczby udzielonych odpowiedzi
Twoja historia wyników
Nie rozwiązałeś tego quizu